| 000 | 01220nam a22002657a 4500 | ||
|---|---|---|---|
| 999 |
_c1543 _d1543 |
||
| 003 | AR-CdUCM | ||
| 008 | 190227b ||||| |||| 00| 0 spa d | ||
| 020 | _a9786124686504 | ||
| 040 |
_aMUNICIPALIDAD PROVINCIAL DEL CUSCO _cBIBLIOTECA MUNICIPAL DEL CUSCO |
||
| 082 |
_22ed. _a928 / _bV18 |
||
| 100 |
_aValcárcel, Luis E. _9628 |
||
| 110 |
_aMinisterio de Cultura: Dirección Desconcentrada del Cultura de Cusco. _95800 |
||
| 245 |
_aMemorias / _cLuis E. Valcárcel |
||
| 260 |
_aCusco : _bMinisterio de Cultura: Dirección Desconcentrada del Cultura de Cusco; _b[Editora Diskcopy S.A.C.], _c2015. |
||
| 300 |
_a611 páginas ; _c20 cm. |
||
| 440 |
_aColección Bicentenario _n III. _95801 |
||
| 505 | _aContenido: Memorias en movimiento: Luis E. Valcarcel y el Perú contemporáneo, por Jazmín lópez Lenci -- El Cusco de comienzos del siglo -- Tempestad en los andes e indigenismo -- Hacia el conocimiento científico del mundo andino ... | ||
| 650 |
_aMemorias - Luis E. Valcárcel _95802 |
||
| 650 |
_aBiografías - Hsitoriadores _95803 |
||
| 650 |
_aHistoria contemporánea _91591 |
||
| 650 |
_aSiglo XX _98 |
||
| 650 |
_aColección Bicentenario _95804 |
||
| 942 |
_2ddc _cLIBROS |
||
| 945 |
_alccs _d2019-02-27 |
||